[Event "Mitropa Cup 17th"]
[Site "Montecatini Terme"]
[Date "1997.??.??"]
[Round "9"]
[White "Wilhelmi, Christian"]
[Black "Wirthensohn, Heinz"]
[Result "1-0"]
[WhiteElo "2405"]
[BlackElo "2365"]

1.Nf3 d5 2.g3 Nc6 3.d4 Bf5 4.a3 e6 5.Bg2 Nf6 6.c4 Be7 7.Nc3 Ne4 8.cxd5 exd5
9.Qb3 Nxc3 10.Qxc3 O-O 11.O-O a5 12.Rd1 a4 13.Bf4 g5 14.Be3 Na5 15.Nd2 Be6
16.f3 f5 17.Bf2 c6 18.Re1 Qd7 19.Rad1 b6 20.Rc1 Rac8 21.Kh1 Nb7 22.Bg1 c5
23.Qd3 c4 24.Qc2 b5 25.Nb1 Na5 26.Nc3 Nb3 27.Rcd1 f4 28.e4 fxe3 29.Bxe3 Bf7
30.f4 b4 31.axb4 gxf4 32.Bxf4 Bxb4 33.Re5 Bxc3 34.Rg5+ Bg6 35.Rxg6+ hxg6
36.Qxg6+ Qg7 37.Bxd5+  1-0

[Event "Mitropa Cup 17th"]
[Site "Montecatini Terme"]
[Date "1997.??.??"]
[Round "9"]
[White "Pcola, Pavel"]
[Black "Baumegger, Siegfried"]
[Result "0-1"]
[WhiteElo "2445"]
[BlackElo "2485"]

1.Nf3 d5 2.g3 Nc6 3.d4 Bg4 4.Bg2 Qd7 5.Bf4 O-O-O 6.h3 Bf5 7.g4 Bg6 8.Nh4 e6
9.Nxg6 hxg6 10.Qd2 Bd6 11.Bxd6 Qxd6 12.Na3 a6 13.c3 f5 14.O-O-O Nf6 15.gxf5 exf5
16.Nc2 Rde8 17.Rdg1 Rh6 18.Ne1 Qe7 19.Bf3 Ne4 20.Bxe4 Qxe4 21.e3 Nd8 22.Qd3 Qe7
23.Rg3 Qf6 24.Rhg1 Nf7 25.Nf3 Re6 26.Ng5 Nxg5 27.Rxg5 Re4 28.f4 Rxh3 29.Rxg6 Qh4
30.Rxg7 b5 31.Kd2 Rxf4 32.R7g2 Re4 33.Re2 Rh2 34.Rgg2 Rh1 35.Ref2 f4 36.exf4 Rxf4
37.Rxf4 Qe1+ 38.Kc2 Qb1+ 39.Kd2 Rd1+ 40.Ke2 Rxd3  0-1

[Event "Moravia-chT 9697"]
[Site "?"]
[Date "1997.??.??"]
[Round "?"]
[White "Nedela, Vlastimil"]
[Black "Jankovec, Ivan"]
[Result "1/2-1/2"]
[WhiteElo "2375"]
[BlackElo "2275"]

1.Nf3 d5 2.g3 c6 3.Bg2 Nf6 4.O-O Bf5 5.d3 h6 6.Nbd2 e6 7.c3 Be7 8.b4 a5 9.Qb3 a4
10.Qc2 O-O 11.a3 b5 12.Bb2 Bh7 13.Rac1 Re8 14.e4 c5 15.bxc5 Bxc5 16.exd5 exd5
17.Nd4 Qb6 18.N2f3 Nc6 19.Nxc6 Qxc6 20.Qd2 Qd6 21.Nd4 Rab8 22.Nc2 Re7 23.Rce1 Rbe8
24.Rxe7 Rxe7  1/2-1/2

[Event "Kasparov Cup"]
[Site "Moscow"]
[Date "1997.??.??"]
[Round "?"]
[White "Ibrahimov, Rasul"]
[Black "Gaprindashvili, Valerian"]
[Result "1/2-1/2"]
[WhiteElo "2310"]
[BlackElo "2245"]

1.Nf3 d5 2.g3 g6 3.Bg2 Bg7 4.O-O e5 5.d3 Nc6 6.Nbd2 Nge7 7.e4 O-O 8.Re1 Re8
9.c3 h6 10.Nb3 a5 11.a4 b6 12.exd5 Nxd5 13.d4 e4 14.Ne5 Nxe5 15.dxe5 Bb7
16.Bxe4 Rxe5 17.Bg2 Rxe1+ 18.Qxe1 c6 19.Be3 Qc7 20.Bd4 c5 21.Bxg7 Kxg7  1/2-1/2

[Event "Moscow-ch"]
[Site "Moscow"]
[Date "1997.??.??"]
[Round "1"]
[White "Zhelesny, Stanislav"]
[Black "Izmukhambetov, Salauat"]
[Result "1/2-1/2"]
[WhiteElo "2300"]
[BlackElo "2510"]

1.Nf3 d5 2.g3 c6 3.Bg2 Bg4 4.Ne5 Bh5 5.d4 Nd7 6.Nd3 Ngf6 7.Nd2 e6 8.Nf4 Bg4
9.h3 Bf5 10.g4 Bg6 11.c4 Bd6 12.Nxg6 hxg6 13.Qb3 Rb8 14.e4 dxe4 15.Nxe4 Nxe4
16.Bxe4 O-O 17.h4 e5 18.h5 g5 19.c5 Bc7 20.h6 g6 21.Bxg6 exd4 22.Bf5 Nxc5
23.Qf3 Qe7+ 24.Kf1 Kh8 25.Bd2 Rbe8 26.Re1 Qf6 27.Kg2 Ne6 28.Re4 Nf4+ 29.Bxf4 Bxf4
30.Rhe1 Rxe4 31.Qxe4 Kg8 32.h7+ Kh8 33.Qe7 Qh6 34.Rd1 Qd6 35.Re1 Qh6  1/2-1/2

[Event "Moscow-ch"]
[Site "Moscow"]
[Date "1997.??.??"]
[Round "3"]
[White "Balashov, Yuri S"]
[Black "Ivanov, Victor L"]
[Result "1-0"]
[WhiteElo "2510"]
[BlackElo "2390"]

1.Nf3 d5 2.g3 Bg4 3.Bg2 Nd7 4.h3 Bh5 5.d3 e6 6.Nbd2 Bd6 7.O-O Ne7 8.b3 O-O
9.Bb2 c6 10.c4 a5 11.a3 e5 12.cxd5 cxd5 13.e4 d4 14.Nc4 Bc7 15.a4 Qb8 16.Ba3 Re8
17.Qd2 f6 18.Nh4 Nf8 19.Rfc1 Nc6 20.Nf5 Rd8 21.h4 Kh8 22.Bh3 b5 23.axb5 Qxb5
24.Ne7 Nxe7 25.Bxe7 Re8 26.Bd6 Bd8 27.Qa2 Qa6 28.b4 Ne6 29.bxa5 Be7 30.Qa3 Bd8
31.Rcb1  1-0

[Event "Moscow-B"]
[Site "Moscow"]
[Date "1997.??.??"]
[Round "3"]
[White "Shestakov, Sergei S"]
[Black "Gaspariants, Vladimir"]
[Result "1/2-1/2"]
[WhiteElo "2325"]
[BlackElo "2335"]

1.Nf3 d5 2.g3 c6 3.Bg2 Bg4 4.b3 Nd7 5.Bb2 Ngf6 6.c4 e6 7.O-O Bd6 8.d3 O-O
9.Nbd2 a5 10.a3 Qe7 11.h3 Bh5 12.Nd4 Bg6 13.cxd5 cxd5 14.e4 Nc5 15.Qe2 e5
16.Nb5 Rad8 17.a4 Rfe8 18.Ba3 b6 19.Rfc1 Rc8 20.Rc2 Qd7 21.Nxd6 Qxd6 22.Rac1 Nfd7
23.h4 h6 24.h5 Bh7 25.Bh3 Rcd8 26.Bxd7 Qxd7 27.Bxc5 bxc5 28.Rxc5 dxe4 29.Nxe4 Qxd3
30.Qxd3 Rxd3 31.Rxe5 Kf8 32.Rxe8+ Kxe8 33.Nc5 Rd5 34.g4 Rg5 35.f3 Ke7 36.Kf2 Rd5
37.Rc3 Kd6 38.Nb7+ Ke5 39.Ke3 f5 40.f4+ Ke6 41.g5 hxg5 42.fxg5 Ke5 43.g6 Bg8
44.Rc4 Be6 45.Nc5 f4+ 46.Kf3 Bf5 47.Rc1 Bh3 48.h6 gxh6 49.g7 Rd8 50.Rg1 Rg8
51.Nd3+ Kf6 52.Nxf4 Bf5 53.Ke3 Bc2 54.Rg3  1/2-1/2

[Event "Moscow-ch"]
[Site "Moscow"]
[Date "1997.??.??"]
[Round "8"]
[White "Zaitsev, Vadim"]
[Black "Janovsky, Sergey"]
[Result "1-0"]
[WhiteElo "2325"]
[BlackElo "2510"]

1.Nf3 d5 2.g3 Nf6 3.Bg2 Bf5 4.d3 e6 5.O-O Be7 6.Nbd2 O-O 7.Qe1 h6 8.e4 dxe4
9.dxe4 Bh7 10.e5 Nd5 11.Ne4 Nb4 12.Qe2 Qd5 13.Nfg5 hxg5 14.Nxg5 Qc5 15.Nxh7 Kxh7
16.Bxb7 N8c6 17.a3 Nd5 18.c4 Rab8 19.cxd5 Nxe5 20.Qxe5 Rxb7 21.Qe4+ f5 22.Qxe6 Bd6
23.Be3 Qc4 24.Rad1 f4 25.Rd4 Qb3 26.Qe4+ Kh8 27.Rd3 Qb5 28.Bd4 Qd7 29.Re1 Rbb8
30.Qe6 Qf7 31.gxf4 Bxf4 32.Qxf7 Rxf7 33.Bxa7 Rd8 34.b4 c6 35.Bb6 Rxd5 36.Rxd5 cxd5
37.a4 Rf6 38.a5 Kh7 39.Re7 Rg6+ 40.Kf1 Bd6 41.Rb7 d4 42.Bxd4 Bxh2 43.b5  1-0

[Event "Moscow-ch (Women)"]
[Site "Moscow"]
[Date "1997.??.??"]
[Round "8"]
[White "Chasovnikova, Eugenia"]
[Black "Dorofeeva, Anna"]
[Result "0-1"]
[WhiteElo "2200"]
[BlackElo "2285"]

1.Nf3 d5 2.g3 e6 3.Bg2 Nf6 4.O-O c6 5.b3 Bd6 6.Bb2 O-O 7.c4 Qe7 8.d4 Ne4
9.Ne5 f6 10.Nd3 f5 11.Nd2 Nd7 12.Rc1 Qg5 13.f4 Qh6 14.Nxe4 fxe4 15.Ne5 Nf6
16.Rc3 Bd7 17.g4 Bxe5 18.g5 Qg6 19.dxe5 Ne8 20.Rg3 Nc7 21.Ba3 Rfd8 22.Be7 Rdc8
23.Qd4 b6 24.c5 Qf7 25.Bd6 Nb5 26.Qe3 g6 27.b4 Nxd6 28.exd6 bxc5 29.bxc5 Qg7
30.Rd1 Rcb8 31.Qa3 Qb2 32.Bf1 Qc2 33.Rc1 Qd2 34.Qe3 Qxa2 35.Qd4 Qb2 36.Rgc3 Rf8
37.e3 a5 38.h4 Rae8 39.R1c2 Qb1 40.Rc1 Qb7 41.Ra3 Qc8 42.Qe5 Rf5 43.Qb2 e5
44.fxe5 Rfxe5 45.Rxa5 Bh3 46.Ra7 Qg4+ 47.Bg2 Bxg2 48.Qxg2 Qxh4 49.Qh2 Qg4+
50.Qg2 Qh5 51.d7 Rd8 52.Rca1 Rxg5 53.Ra8 Rxg2+ 54.Kxg2 Qg4+ 55.Kh2 Qxd7 56.R1a7 Qe8  0-1

[Event "Moscow-ch (Women)"]
[Site "Moscow"]
[Date "1997.??.??"]
[Round "10"]
[White "Chasovnikova, Eugenia"]
[Black "Savitskaya, Ekaterina P"]
[Result "1/2-1/2"]
[WhiteElo "2200"]
[BlackElo "2220"]

1.Nf3 d5 2.g3 Nf6 3.Bg2 Bg4 4.c4 c6 5.cxd5 cxd5 6.Ne5 Bf5 7.Nc3 e6 8.Qa4+ Nbd7
9.g4 Bg6 10.h4 a6 11.Nxd7 Qxd7 12.Qxd7+ Kxd7 13.h5 Bc2 14.b3 Nxg4 15.d3 Rc8
16.Bd2 Ba3 17.Na4 Rc6 18.Ba5 b5 19.Nb6+ Ke7 20.Kd2 Rb8 21.f4 Bb2 22.Nxd5+ exd5
23.Bxd5 Rcc8 24.Bb4+ Kd7 25.Bxf7 Bxa1 26.Rxa1 Rb6 27.Rg1 Rf6 28.Bd5 Rxf4
29.Bf3 Rxb4 30.Bxg4+ Rxg4 31.Rxg4 Bb1 32.Rxg7+ Ke6 33.Rxh7 Bxa2 34.Rh6+ Kf5
35.b4 Ra8 36.Rb6 Bg8 37.e4+ Kg5 38.h6 Bh7 39.Ke3 Bg6 40.d4 Kxh6 41.e5 Kg5
42.d5 Rc8 43.Rxa6 Rc3+ 44.Ke2 Rc4 45.e6 Rxb4 46.d6 Kf4 47.d7 Rd4 48.Ra7 Bh5+
49.Kf2 Rd2+ 50.Kg1 b4 51.e7 Rd1+ 52.Kf2 Rd2+ 53.Kg1 Rd1+ 54.Kf2  1/2-1/2

[Event "NRW-Cup Masters op"]
[Site "Muenster"]
[Date "1997.??.??"]
[Round "7"]
[White "Espig, Lutz"]
[Black "Schlecht, Daniel"]
[Result "0-1"]
[WhiteElo "2410"]
[BlackElo "2270"]

1.Nf3 d5 2.g3 Nf6 3.Bg2 c6 4.b3 Bg4 5.Bb2 Nbd7 6.O-O e6 7.d3 Bd6 8.Nbd2 O-O
9.Qe1 Re8 10.e4 e5 11.h3 Bh5 12.Nh4 a5 13.a3 Qc7 14.Kh1 Bg6 15.Qe2 Rad8 16.Rac1 Nf8
17.Nxg6 hxg6 18.exd5 cxd5 19.c4 d4 20.Ne4 Nxe4 21.Bxe4 Ne6 22.Bd5 Qb6 23.Rb1 Qxb3
24.Qf3 Qc2 25.h4 Re7 26.Rfc1 Qd2 27.Rd1 Qc2 28.Rdc1 Qd2 29.Rd1 Qc2 30.Kg2 Nc5
31.h5 gxh5 32.Qxh5 Nxd3 33.Rf1 Re6 34.Bxe6 fxe6 35.Qg4 Nc5 36.a4 Qxc4 37.Ba3 Qd5+
38.f3 Qa2+ 39.Bb2 Nxa4 40.Qe4 Nc3 41.Qh4 Rf8 42.Rbe1 Qxb2+ 43.Rf2 Qb3 44.Rh1 Nd1
45.Qh7+ Kf7 46.Qh5+ Ke7 47.Qg5+ Kd7 48.Qxg7+ Kc6  0-1

[Event "NRW-Cup Masters op"]
[Site "Muenster"]
[Date "1997.??.??"]
[Round "7"]
[White "Shpilker, Boris"]
[Black "Wiertzema, Michael"]
[Result "1/2-1/2"]
[WhiteElo "2380"]
[BlackElo "2215"]

1.Nf3 d5 2.g3 Nf6 3.Bg2 c6 4.O-O Bg4 5.d3 Nbd7 6.Qe1 e5 7.e4 dxe4 8.dxe4 Bc5
9.Nbd2 b5 10.h3 Be6 11.Ng5 Qe7 12.Kh1 h6 13.Nxe6 Qxe6 14.f4 exf4 15.gxf4 O-O
16.e5 Rae8 17.Qd1 Nxe5 18.fxe5 Qxe5 19.Nf3 Qg3 20.Bd2 Nh5 21.Be1 Rxe1 22.Rxe1 Qf4
23.Bf1 Ng3+ 24.Kg2 Nf5 25.Qe2 Qg3+ 26.Kh1 Nh4 27.Bg2 Bd6 28.Kg1 Bc5+ 29.Kh1 Bd6
30.Kg1 Bc5+ 31.Kh1 Bd6 32.Kg1 Bc5+  1/2-1/2

[Event "Murcia op"]
[Site "Murcia"]
[Date "1997.??.??"]
[Round "2"]
[White "Miguel, Victor"]
[Black "Jimenez Villena, Francisco J"]
[Result "1-0"]
[WhiteElo "2285"]
[BlackElo "2255"]

1.Nf3 d5 2.g3 g6 3.Bg2 Bg7 4.d4 Nf6 5.c4 c6 6.O-O O-O 7.b3 e6 8.Bb2 Ne4 9.Nfd2 Nxd2
10.Qxd2 f5 11.f3 Nd7 12.Na3 Nf6 13.Kh1 Bd7 14.Nc2 Qb6 15.Ne1 Rae8 16.Nd3 Bc8
17.Ba3 dxc4 18.Bc5 Qd8 19.bxc4 Rf7 20.Ne5 Rc7 21.Bxa7 Nd7 22.Qa5 Nxe5 23.dxe5 Rd7
24.Bb6 Qe7 25.f4 Bf8 26.Rfd1 Qa3 27.Qxa3 Bxa3 28.Rxd7 Bxd7 29.Rd1 Bc8 30.Kg1 Be7
31.Kf2 Kf7 32.a4 g5 33.a5 gxf4 34.gxf4 Bh4+ 35.Ke3 Rg8 36.Bf3 Be7 37.c5 Rh8
38.a6 bxa6 39.Bxc6 h5 40.Bf3 h4 41.c6 Bb4 42.c7 Ke7 43.h3 Rg8 44.Rd8 Rf8
45.Kd3 a5 46.Kc4 Ba6+ 47.Kb3  1-0

[Event "Murcia op"]
[Site "Murcia"]
[Date "1997.??.??"]
[Round "3"]
[White "Cacho Reigadas, Sergio"]
[Black "Martin Grillo, Ruben"]
[Result "1-0"]
[WhiteElo "2445"]
[BlackElo "2175"]

1.Nf3 d5 2.g3 c5 3.Bg2 Nf6 4.O-O e6 5.d3 Be7 6.Nbd2 O-O 7.e4 Nc6 8.Re1 dxe4
9.dxe4 e5 10.c3 b5 11.a4 b4 12.Qc2 Bb7 13.Nc4 Qc7 14.Ne3 Rad8 15.Nd2 Ba6
16.Nd5 Qd6 17.Nf1 Nxd5 18.exd5 Na5 19.Ne3 Bc8 20.b3 f5 21.cxb4 cxb4 22.Nc4 Nxc4
23.bxc4 f4 24.Bb2 f3 25.Bf1 Bf6 26.c5 Qd7 27.Bxe5 Kh8 28.Bxf6  1-0

[Event "New York op"]
[Site "New York"]
[Date "1997.??.??"]
[Round "?"]
[White "Hjartarson, Johann"]
[Black "D'Israel, Davy"]
[Result "0-1"]
[WhiteElo "2585"]
[BlackElo "2270"]

1.Nf3 d5 2.g3 c6 3.Bg2 Bg4 4.b3 Nd7 5.Bb2 Ngf6 6.O-O e6 7.c4 Be7 8.d3 O-O
9.Nbd2 a5 10.a3 Qb6 11.Qc2 h6 12.e4 dxe4 13.dxe4 Rfd8 14.Bc3 Bh5 15.h3 Bg6
16.Kh2 Bh7 17.Ne1 Nc5 18.f3 Qc7 19.Ra2 Rd7 20.b4 axb4 21.axb4 Rxa2 22.Qxa2 Nd3
23.Nxd3 Rxd3 24.Qc2 Rd8 25.Qb2 h5 26.e5 Nd7 27.f4 Nb6 28.Ra1 h4 29.g4 Bd3
30.Qb3 Qd7 31.Re1 g5 32.fxg5 Bxg5 33.Ne4 Bxe4 34.Bxe4 Bd2 35.Re2 Bxc3 36.Qxc3 Qd4
37.Qc1 Qxe5+ 38.Kh1 Qf6 39.Kg2 Rd4 40.Rf2 Qe5 41.Bb1 Rxc4  0-1

[Event "JUG-chT"]
[Site "Niksic"]
[Date "1997.??.??"]
[Round "1"]
[White "Paunovic, Dragan"]
[Black "Bakic, Rados"]
[Result "1-0"]
[WhiteElo "2470"]
[BlackElo "2445"]

1.Nf3 d5 2.g3 Nf6 3.Bg2 g6 4.c4 c6 5.cxd5 cxd5 6.d4 Bg7 7.Nc3 O-O 8.Ne5 e6
9.Bg5 Qb6 10.Qd2 Nfd7 11.Nf3 Nc6 12.Rd1 Nf6 13.Bxf6 Bxf6 14.O-O Bd7 15.e4 dxe4
16.Nxe4 Bg7 17.Qf4 Rad8 18.Rd2 Bc8 19.Nf6+ Bxf6 20.Qxf6 Rd5 21.Qf4 Rf5 22.Qe3 Kg7
23.Rfd1 Rd8 24.a3 Rb5 25.b4 a5 26.Bf1 Rbd5 27.b5 Ne7 28.Qc3 Bd7 29.a4 Rc8
30.Qb2 Be8 31.Ne5 f6 32.Nc4 Qd8 33.Ne3 Rd6 34.h4 Nf5 35.Nxf5+ gxf5 36.Be2 Qc7
37.Qa3 Bf7 38.Bf3 Qd7 39.Bxb7 Bh5 40.Bxc8  1-0

[Event "JUG-ch52"]
[Site "Niksic"]
[Date "1997.??.??"]
[Round "4"]
[White "Ilincic, Zlatko"]
[Black "Drasko, Milan"]
[Result "1/2-1/2"]
[WhiteElo "2565"]
[BlackElo "2555"]

1.Nf3 d5 2.g3 c6 3.Bg2 Bg4 4.O-O Nd7 5.d4 e6 6.Nbd2 Ngf6 7.c4 Be7 8.b3 O-O
9.Bb2 a5 10.a3 b5 11.c5  1/2-1/2

[Event "JUG-chT"]
[Site "Niksic"]
[Date "1997.??.??"]
[Round "4"]
[White "Martinovic, Slobodan"]
[Black "Todorovic, Goran M"]
[Result "1/2-1/2"]
[WhiteElo "2470"]
[BlackElo "2510"]

1.Nf3 d5 2.g3 Nf6 3.Bg2 c6 4.b3 Bg4 5.Bb2 Nbd7 6.c4 e6 7.O-O Be7 8.d4 O-O
9.Nc3 Rb8 10.h3 Bxf3 11.Bxf3 b5 12.cxb5 cxb5 13.Qd3 a6 14.Rfc1 Qb6 15.Rc2 Rbc8
16.Rac1 Qb8 17.e3 Nb6 18.Kg2 Bd6 19.h4 h6 20.Ne2  1/2-1/2

[Event "JUG-chT (Women)"]
[Site "Niksic"]
[Date "1997.??.??"]
[Round "7"]
[White "Maksimovic, Suzana"]
[Black "Micic, Snezana"]
[Result "1/2-1/2"]
[WhiteElo "2300"]
[BlackElo "2210"]

1.Nf3 d5 2.g3 c6 3.Bg2 Bg4 4.d3 Nd7 5.Nbd2 e5 6.h3 Bh5 7.O-O Bd6 8.e4 f6
9.d4 Ne7 10.c3 O-O 11.Qb3 Qb6 12.Re1 Bf7 13.exd5 Nxd5 14.Nc4 Qxb3 15.axb3 Bc7
16.dxe5 Nc5 17.exf6 Nxf6 18.Nd4 Nxb3 19.Nxb3 Bxc4 20.Nc5 Bb6 21.Be3 Rab8
22.Bd4 Rf7 23.Ne6 Re7 24.Nc5 Rf7 25.Ne6 Re7 26.Bxb6 axb6 27.Nd4 Rxe1+ 28.Rxe1 Re8
29.Rxe8+ Nxe8 30.Nf5 Kf7 31.f4 g6 32.Ne3 Nd6 33.Kf2 Bd3 34.Ng4 Be4 35.Ne5+ Ke6
36.Bf1 Bd5 37.h4 Ne4+ 38.Ke3 Nxg3 39.Bh3+ Nf5+ 40.Kd3 Ba2 41.Kc2 Bd5 42.Kd3 b5
43.Bg4 c5 44.h5 c4+ 45.Kd2 Kf6 46.hxg6 hxg6 47.Nd7+ Ke6 48.Ne5 Kf6 49.Nd7+  1/2-1/2

[Event "JUG-chT (Women)"]
[Site "Niksic"]
[Date "1997.??.??"]
[Round "7"]
[White "Zivkovic, Vesna"]
[Black "Stoisavljevic, Sava"]
[Result "1-0"]
[WhiteElo "2165"]
[BlackElo "2100"]

1.Nf3 d5 2.g3 c6 3.Bg2 Bg4 4.d3 Nf6 5.Nbd2 Nbd7 6.O-O e6 7.b3 Be7 8.Bb2 O-O
9.h3 Bxf3 10.Bxf3 a5 11.a3 b5 12.e4 Qb6 13.Qe2 Rfd8 14.Kh2 Rac8 15.e5 Ne8
16.Bg2 a4 17.f4 g6 18.g4 c5 19.Rab1 axb3 20.cxb3 Qb8 21.Kh1 Nb6 22.f5 Bf8
23.fxe6 fxe6 24.Qf2 Ng7 25.Qh4 Qc7 26.Rf2 Be7 27.Qh6 Rf8 28.Rbf1 Rxf2 29.Rxf2 Rf8
30.Qe3 Qd8 31.Qe2 Rxf2 32.Qxf2 Qf8 33.Qe3 Qd8 34.Qe2 Qf8 35.Nf3 Qf4 36.Qe1 Qf8
37.Qa5 Bd8 38.Qxb5 d4 39.Bc1 Ne8 40.Bh6 Qe7 41.Bg5  1-0

[Event "JUG-chT"]
[Site "Niksic"]
[Date "1997.??.??"]
[Round "8"]
[White "Goldin, Alexander"]
[Black "Rublevsky, Sergei"]
[Result "0-1"]
[WhiteElo "2595"]
[BlackElo "2650"]

1.Nf3 d5 2.g3 Bg4 3.Bg2 Nd7 4.c4 e6 5.Qb3 Nc5 6.Qc2 Nf6 7.O-O c6 8.d3 Ncd7
9.cxd5 cxd5 10.Nc3 Bc5 11.Qb3 Qb6 12.Qxb6 Bxb6 13.Na4 Bc7 14.Be3 Bxf3 15.Bxf3 Ke7
16.Rac1 Be5 17.Rb1 Rhc8 18.b4 b6 19.Bd2 Rc7 20.Rfc1 Bd6 21.Nc3 a6 22.a3 Rb7
23.Kf1 Rc7 24.Ke1 b5 25.h3 Nb6 26.Bg2 Nfd7 27.f4 Kd8 28.Kd1 g6 29.Bf3 h5
30.e3 Be7 31.Kc2 Na4 32.Kb3 Nxc3 33.Bxc3 Bf6 34.Bxf6+ Nxf6 35.Rxc7 Kxc7 36.Kc3 Kd6
37.Kd4 Nd7 38.Bg2 Nb6 39.Kc3 Nc8 40.d4 Ne7 41.g4 hxg4 42.hxg4 Nc8 43.a4 bxa4
44.Bf1 Kc6 45.Bxa6  0-1

[Event "JUG-ch52"]
[Site "Niksic"]
[Date "1997.??.??"]
[Round "8"]
[White "Drasko, Milan"]
[Black "Kosic, Dragan"]
[Result "1-0"]
[WhiteElo "2555"]
[BlackElo "2515"]

1.Nf3 d5 2.g3 Nf6 3.Bg2 c5 4.c4 e6 5.O-O Be7 6.cxd5 exd5 7.d4 O-O 8.Nc3 Nc6
9.dxc5 Bxc5 10.Bg5 d4 11.Bxf6 Qxf6 12.Nd5 Qd8 13.Ne1 Re8 14.Nd3 Bb6 15.b4 Bf5
16.a4 Be4 17.Bxe4 Rxe4 18.Qb3 a6 19.Ra2 Ba7 20.Rc2 Qd6 21.b5 Na5 22.Qa2 Rd8
23.bxa6 bxa6 24.Rfc1 h5 25.N5f4 h4 26.Rc7 Rd7 27.Rc8+ Kh7 28.Qc2 g6 29.Nc5 Rxf4
30.gxf4 Re7 31.Nd3 Bb6 32.Ne5 Qf6 33.Qe4 h3 34.Qf3 Qf5 35.Ng4 d3 36.Qxh3+ Qh5
37.Nf6+  1-0

[Event "NOR-chT"]
[Site "NOR"]
[Date "1997.??.??"]
[Round "1"]
[White "Thorstensen, Trond"]
[Black "Jaeger, Frode Bull"]
[Result "1/2-1/2"]
[WhiteElo "2300"]
[BlackElo "2020"]

1.Nf3 d5 2.g3 Bg4 3.Bg2 Nd7 4.d3 c6 5.Nbd2 Ngf6 6.h3 Bh5 7.O-O e5 8.e4 dxe4
9.dxe4 Bc5 10.Qe1 O-O 11.Nc4 Bxf3 12.Bxf3 Re8 13.a4 a5 14.Bd2 b6 15.Rd1 Qc7
16.Bc3 Rad8 17.Bg2 h6 18.b3 Nh7 19.h4 Nhf8 20.Bh3 Ne6 21.Bxe6 Rxe6 22.Rd3 Be7
23.Qd2 Nc5 24.Rxd8+ Qxd8 25.Qxd8+ Bxd8 26.f3 Bc7 27.Rd1 Re7 28.Bb2 Rd7 29.Ra1 b5
30.Nxe5 Rd2 31.Nxc6 Rxc2 32.Be5 Bxe5 33.Nxe5 Nxb3 34.Ra3 bxa4 35.Rxa4 Rc1+
36.Kf2 Ra1 37.Rxa1 Nxa1 38.Ke2 Nb3 39.Kd3 Kf8 40.Kc3 Nc1 41.Kd2 Nb3+  1/2-1/2

[Event "Nova Gorica op"]
[Site "Nova Gorica"]
[Date "1997.??.??"]
[Round "5"]
[White "Finkel, Alexander"]
[Black "Sveshnikov, Evgeny"]
[Result "1/2-1/2"]
[WhiteElo "2505"]
[BlackElo "2560"]

1.Nf3 d5 2.g3 c6 3.Bg2 Nf6 4.O-O Bf5 5.d3 e6 6.Nbd2 Be7 7.Qe1 h6 8.e4 Bh7
9.Qe2 O-O 10.Re1 a5 11.e5 Nfd7 12.Nf1 a4 13.h4 a3 14.b3 Bb4 15.Bd2 Qa5 16.Bxb4 Qxb4
17.Rab1 Na6 18.Ne3 Qa5 19.Bh3 Nb4 20.Ra1 c5 21.Ng2 Nc6 22.Nf4 Rfd8 23.g4 Qb4
24.Qe3 Qc3 25.g5 hxg5 26.Nh5 Bg6 27.Qxg5 Bxh5 28.Qxh5 Nf8 29.Kh1 Nd4 30.Nxd4 Qxd4
31.Rg1 Rd7 32.Raf1 f5 33.exf6 Qxf6 34.f4 g6 35.f5 Rh7 36.fxg6 Rxh5 37.Rxf6 Rxh4
38.Rg3 Re8 39.Rf7 Nxg6 40.Rxb7 Rh6 41.Kg1 Kh8 42.Rc7 Nf4 43.Bf1 d4 44.Rxc5 Nd5
45.Ra5 Rc8 46.Bg2 Nc3 47.Bf3 Nxa2 48.Rxa3 Nb4 49.Ra4 Nxc2 50.Rc4 Rxc4 51.bxc4 Nb4
52.c5 Rh7 53.Be4 Rc7 54.Rg5 Rg7 55.Rg2 Rxg2+ 56.Kxg2 Na6 57.c6 Kg7 58.Kf3 Kf6
59.Kf4 e5+ 60.Kg4 Ke6  1/2-1/2

[Event "Nova Gorica op"]
[Site "Nova Gorica"]
[Date "1997.??.??"]
[Round "6"]
[White "Dizdar, Goran"]
[Black "Scekic, Milos"]
[Result "1-0"]
[WhiteElo "2550"]
[BlackElo "2400"]

1.Nf3 d5 2.g3 Nc6 3.c4 d4 4.Bg2 e5 5.O-O Nf6 6.d3 h6 7.b4 e4 8.dxe4 Bxb4
9.Bb2 Be6 10.e5 Nd7 11.Nxd4 Nxd4 12.Qxd4 c6 13.Nd2 Nb6 14.Ne4 Qxd4 15.Bxd4 Nxc4
16.Rfb1 a5 17.Bc5 Nxe5 18.a3 Bxc5 19.Nxc5 Bd5 20.e4 Bc4 21.f4 Nd3 22.Nxb7 Kd7
23.e5 f6 24.Bf1 Ke7 25.Nd6 Ba6 26.Rb6 Nc5 27.Rxc6 Bxf1 28.Rxf1 fxe5 29.Nf5+  1-0

[Event "Coca Cola op"]
[Site "Olanesti"]
[Date "1997.??.??"]
[Round "3"]
[White "Badea, Bela"]
[Black "Olarasu, Gabriela"]
[Result "1-0"]
[WhiteElo "2525"]
[BlackElo "2355"]

1.Nf3 d5 2.g3 g6 3.Bg2 Bg7 4.O-O e6 5.d4 Ne7 6.Nbd2 Nbc6 7.c3 O-O 8.e4 dxe4
9.Nxe4 e5 10.Nxe5 Nxe5 11.dxe5 Qxd1 12.Rxd1 Bxe5 13.Bh6 Re8 14.Bg5 f5 15.Bf6 fxe4
16.Bxe5 c6 17.Re1 Nd5 18.Rxe4 Bf5 19.Ree1 Nb6 20.Bd4 Kf7 21.b3 Rad8 22.a4 Nd5
23.a5 a6 24.Bf1 Be6 25.Rab1 c5 26.Be5 Rd7 27.Bg2 Ne7 28.b4 Bf5 29.Rbd1 Rxd1
30.Rxd1 Nc6 31.Bf4 cxb4 32.cxb4 Nxb4 33.Bxb7 Nd3 34.Be3  1-0

[Event "Coca Cola op"]
[Site "Olanesti"]
[Date "1997.??.??"]
[Round "9"]
[White "Badea, Bela"]
[Black "Slovineanu, Viceslav"]
[Result "1/2-1/2"]
[WhiteElo "2525"]
[BlackElo "2420"]

1.Nf3 d5 2.g3 c6 3.Bg2 Bg4 4.O-O Nd7 5.d4 Ngf6 6.Nbd2 e6 7.Re1 Be7 8.e4 dxe4
9.Nxe4 Nxe4 10.Rxe4 Bf5  1/2-1/2

[Event "POR-ch m"]
[Site "Oliveira de Azemeis"]
[Date "1997.??.??"]
[Round "5"]
[White "Ribeiro, Fernando"]
[Black "Fernandes, Antonio"]
[Result "0-1"]
[WhiteElo "2305"]
[BlackElo "2485"]

1.Nf3 d5 2.g3 c6 3.Bg2 Bg4 4.h3 Bh5 5.O-O Nd7 6.d3 e6 7.Nbd2 Bd6 8.b3 Ne7
9.Bb2 O-O 10.c4 a5 11.a3 Qc7 12.Rc1 Rad8 13.Qc2 Bg6 14.Kh2 Bc5 15.Qc3 e5
16.d4 exd4 17.Nxd4 Bxd4 18.Qxd4 Nf5 19.Qf4 Qxf4 20.gxf4 d4 21.b4 Rfe8 22.Rfe1 axb4
23.axb4 Nf6 24.b5 Re6 25.Nb3 Ne4 26.Ra1 h6 27.Ra7 cxb5 28.cxb5 b6 29.Rc1 Nxf2
30.Nxd4 Nxd4 31.Bxd4 Rxd4 32.Rc8+ Kh7 33.Raa8 Bf5 34.Rc7 Kg6 35.Raa7 Rf6
36.e3 Rd2 37.Re7 Be4 38.Bxe4+ Nxe4+ 39.Kg1 Nc3 40.h4 Nxb5 41.Rab7 Rc6  0-1

[Event "RUS-chT"]
[Site "Orel"]
[Date "1997.??.??"]
[Round "?"]
[White "Zaitsev, Vadim"]
[Black "Maiorov, Oleg"]
[Result "1/2-1/2"]
[WhiteElo "2325"]
[BlackElo "2435"]

1.Nf3 d5 2.g3 Bg4 3.Bg2 Nd7 4.O-O e5 5.d3 Ngf6 6.c4 dxc4 7.dxc4 c6 8.Nc3 Qc7
9.Qc2 Bh5 10.a3 a5 11.Bg5 Bg6 12.e4 a4 13.Ne1 Bc5 14.Bxf6 Nxf6 15.Nxa4 Nxe4
16.Bxe4 Bxe4 17.Qxe4 Rxa4 18.Nf3 f6 19.b4 Be7 20.Rfd1 O-O 21.Qf5 Rd8 22.Qe6+ Kf8
23.c5 Raa8 24.Nh4 g6 25.Ng2 Qc8 26.Rxd8+ Bxd8 27.Qb3 Qd7 28.Rd1 Qf7 29.Qxf7+ Kxf7
30.Rd7+ Ke6 31.Rxb7 Rxa3 32.Ne3 Rb3 33.Nc4 f5 34.Nd6 Be7 35.Rb6 Bxd6 36.Rxc6 Rxb4
37.Rxd6+  1/2-1/2

[Event "Ozery op1 Seniors"]
[Site "Ozery"]
[Date "1997.??.??"]
[Round "2"]
[White "Zhelesny, Stanislav"]
[Black "Agrinsky, Vladimir P"]
[Result "1-0"]
[WhiteElo "2300"]
[BlackElo "2215"]

1.Nf3 d5 2.g3 Nf6 3.Bg2 Bg4 4.Ne5 Bf5 5.d4 c6 6.c4 e6 7.O-O Nbd7 8.cxd5 cxd5
9.Nc3 Nxe5 10.dxe5 Nd7 11.Qa4 a6 12.e4 b5 13.Qd1 dxe4 14.Nxe4 Rc8 15.Bg5 f6
16.exf6 gxf6 17.Nxf6+ Qxf6 18.Bxf6 Nxf6 19.Qd4 Bg7 20.Qd6 Kf7 21.Qxa6  1-0

[Event "PER-ch45"]
[Site "Peru"]
[Date "1997.??.??"]
[Round "7"]
[White "Miguel, Fernando"]
[Black "Gonzales, Manuel"]
[Result "1/2-1/2"]
[WhiteElo "2350"]
[BlackElo "2260"]

1.Nf3 d5 2.g3 Bg4 3.Bg2 Nd7 4.c4 c6 5.O-O e6 6.d3 dxc4 7.dxc4 Bxf3 8.exf3 Nc5
9.Nc3 Qd3 10.Qxd3 Nxd3 11.Rd1 O-O-O 12.Bf1 Nxc1 13.Rxd8+ Kxd8 14.Rxc1 Nf6
15.Rd1+ Kc7 16.f4 Bb4 17.Na4 Rd8 18.Rxd8 Kxd8 19.Bd3 Nd7 20.Kf1 a6 21.b3 Ke7
22.Bc2 Kd6 23.Nb2 h5 24.Ke2 g6 25.Nd3 Bc3 26.f3 Bd4 27.b4 c5 28.a3 Kc6 29.Bb3 cxb4
30.axb4 b5 31.g4 Nb6 32.cxb5+ Kxb5 33.gxh5 gxh5 34.f5 Nd5 35.fxe6 fxe6 36.f4 Nc7
37.Kf3 Bc3 38.Kg3 Bf6 39.f5 exf5 40.Kf4 Be7 41.Kxf5  1/2-1/2

[Event "ISR-ch U16"]
[Site "Petah Tiqwa"]
[Date "1997.??.??"]
[Round "2"]
[White "Bitansky, Igor"]
[Black "Kundin, Alexander"]
[Result "0-1"]
[WhiteElo "2220"]
[BlackElo "2260"]

1.Nf3 d5 2.g3 c6 3.Bg2 Nf6 4.O-O Bf5 5.d3 e6 6.Nbd2 Be7 7.b3 a5 8.a3 h6 9.Bb2 O-O
10.Re1 Bh7 11.e4 c5 12.a4 Nc6 13.Ne5 Nxe5 14.Bxe5 Rc8 15.Qe2 Nd7 16.Bb2 Bf6
17.e5 Be7 18.Rad1 Qc7 19.h4 Rfd8 20.Qg4 Nb6 21.Bc3 Ra8 22.Qf3 Nc8 23.Bb2 Na7
24.Qf4 Nc6 25.Nb1 Nd4 26.Na3 Qb6 27.Bxd4 cxd4 28.Nb5 Bc5 29.Re2 Rf8 30.Bh3 Rae8
31.Nd6 Bxd6 32.exd6 Rd8 33.d7 Rxd7 34.Rde1 Re8 35.g4 Rde7 36.Kh1 Qb4 37.g5 h5
38.Qf3 Bg6 39.Qf4 e5 40.Rxe5 Be4+ 41.R1xe4 dxe4 42.Rxe7 Qxe7  0-1

[Event "World op"]
[Site "Philadelphia"]
[Date "1997.??.??"]
[Round "3"]
[White "Wojtkiewicz, Aleksander"]
[Black "Waitzkin, Joshua"]
[Result "1-0"]
[WhiteElo "2575"]
[BlackElo "2435"]

1.Nf3 d5 2.g3 c6 3.Bg2 Bg4 4.O-O Nd7 5.d4 Ngf6 6.Nbd2 e6 7.Re1 Be7 8.e4 O-O
9.h3 Bh5 10.e5 Ne8 11.Nf1 c5 12.g4 Bg6 13.Ng3 Rc8 14.c3 b5 15.a3 a5 16.Bf4 b4
17.axb4 axb4 18.Bf1 Nb6 19.dxc5 Rxc5 20.cxb4 Rc8 21.Qd4 Nc4 22.b3 Bxb4 23.bxc4 Bxe1
24.Rxe1 dxc4 25.Qxd8 Rxd8 26.Bxc4 Nc7 27.Ne4 Nd5 28.Bg5 Rd7 29.Bd2 Rb8 30.Kg2 Rb2
31.Nd6 Rb1 32.Rxb1 Bxb1 33.Nd4 Rc7 34.f4 Nb6 35.Bb3 Nc8 36.f5 exf5 37.gxf5 Nxd6
38.exd6 Rd7 39.Bf4 Be4+ 40.Kf2 Kf8 41.Ne6+ fxe6 42.fxe6  1-0